César Vallejo y el surrealismo /

Saved in:
Bibliografiske detaljer
Hovedforfatter: Larrea, Juan, 1895-
Format: Bog
Sprog:Spanish
Udgivet: Madrid : A. Corazón, 1976.
Serier:Visor literario ; libro 1
Fag:
LEADER 00988nam a2200277 i 4500
001 c000331951
003 CARM
005 00000000000000.0
008 760718s1976 sp b 00010 spa
015 |a Sp*** 
019 1 |a 811508  |5 LACONCORD2021 
020 |a 8470531581 
035 |a (OCoLC)2375542  |5 LACONCORD2021 
050 0 0 |a PQ8497.V35  |b Z716 
082 0 0 |a 861 
100 1 |a Larrea, Juan,  |d 1895- 
245 1 0 |a César Vallejo y el surrealismo /  |c Juan Larrea. 
260 |a Madrid :  |b A. Corazón,  |c 1976. 
300 |a 280 p. ;  |c 21 cm. 
490 0 |a Visor literario ; libro 1 
504 |a Includes bibliographical references. 
600 1 0 |a Vallejo, César,  |d 1892-1938  |x Criticism and interpretation. 
650 0 |a Surrealism (Literature)  |z Peru. 
852 8 |b CARM  |h A1:AN34B0  |i B09107  |p 0421737  |f BK 
999 f f |i eae7925d-d83d-5863-bd81-1bfb84d3a83d  |s f81d9bd1-7519-5585-b4ff-f4b4caccf725 
952 f f |p Can circulate  |a CAVAL  |b CAVAL  |c CAVAL  |d CARM 1 Store  |e B09107  |f A1:AN34B0  |h Other scheme  |i book  |m 0421737